Normal view MARC view
  • Gajski, Daniel D

Entry Personal Name

Number of records used in: 3

001 - CONTROL NUMBER

  • control field: 81556

003 - CONTROL NUMBER IDENTIFIER

  • control field: NUST

005 - DATE AND TIME OF LATEST TRANSACTION

  • control field: 20210817152748.0

008 - FIXED-LENGTH DATA ELEMENTS

  • fixed length control field: 210817|| aca||aabn | a|a d

040 ## - CATALOGING SOURCE

  • Original cataloging agency: NUST
  • Transcribing agency: NUST

100 ## - HEADING--PERSONAL NAME

  • Personal name: Gajski, Daniel D

670 ## - SOURCE DATA FOUND

  • Source citation: Work cat.: (NUST)32933: Gajski, Daniel D. author., Embedded System Design
© 2023 Central Library, National University of Sciences and Technology. All Rights Reserved.